| 000 | 00402nam a2200169Ia 4500 | ||
|---|---|---|---|
| 005 | 20250603145020.0 | ||
| 008 | 250603s9999 xx 000 0 und d | ||
| 020 | _a978-81-203-3877-7 | ||
| 100 | _aNiranjan Karak | ||
| 245 | 0 | _aFundamentals of Polymers | |
| 260 | _aNew Delhi | ||
| 260 | _bPHI Learning Private Limited | ||
| 260 | _c2009 | ||
| 300 | _a290 p | ||
| 650 | _aNew Delhi | ||
| 942 | _cBK | ||
| 999 |
_c40618 _d40618 |
||